[Event "30th WCh U20 Girls"]
[Site "Athens GRE"]
[Date "2012.08.02"]
[Round "1"]
[White "Bodnaruk, Anastasia"]
[Black "Galunova, Tsveta"]
[Result "1-0"]
[WhiteElo "2414"]
[BlackElo "2091"]
[EventDate "2012.08.02"]
[PlyCount "69"]

1.e4 e5 2.Nf3 Nc6 3.Bb5 Nf6 4.O-O Bc5 5.Nxe5 Nxe5 6.d4 Qe7 7.dxc5 Qxc5 8.
Qe2 c6 9.Ba4 O-O 10.Bb3 Re8 11.Be3 Qb4 12.Nd2 d5 13.c3 Qe7 14.Bg5 h6 15.
Bxf6 Qxf6 16.f4 Ng6 17.e5 Qf5 18.g3 f6 19.Ne4 Qg4 20.Qxg4 Bxg4 21.Nd6 Red8
22.Nxb7 fxe5 23.Nxd8 Rxd8 24.f5 Ne7 25.Rae1 Bh3 26.Rf2 Nxf5 27.Rxe5 Nd6 
28.Re7 Kh8 29.Bc2 Rb8 30.Rxa7 Re8 31.Re7 Rb8 32.Bg6 Rc8 33.a4 Kg8 34.a5 
Ra8 35.b4 1-0

[Event "30th WCh U20 Girls"]
[Site "Athens GRE"]
[Date "2012.08.02"]
[Round "1"]
[White "Ibrahimova, Sabina"]
[Black "Cori Tello, Deysi"]
[Result "0-1"]
[WhiteElo "2091"]
[BlackElo "2413"]
[EventDate "2012.08.02"]
[PlyCount "66"]

1.e4 e6 2.d4 d5 3.Nc3 Nf6 4.Bg5 Be7 5.e5 Nfd7 6.Bxe7 Qxe7 7.Nb5 Qd8 8.c3 
a6 9.Na3 c5 10.Nf3 Nc6 11.Be2 f6 12.exf6 Qxf6 13.O-O O-O 14.Nc2 b6 15.b4 
Bb7 16.Rb1 Ra7 17.Qd2 Kh8 18.Qe3 Bc8 19.bxc5 bxc5 20.dxc5 Rc7 21.Nb4 Ne7 
22.Nxa6 Bxa6 23.Bxa6 Nf5 24.Qe2 Nxc5 25.Bb5 Ne4 26.Rbe1 Nxc3 27.Qd3 Nxa2 
28.Qa3 Rc3 29.Qxa2 Rxf3 30.Bd7 Nd4 31.Qb2 Rf4 32.Rb1 h6 33.Rbe1 Nf3+ 0-1

[Event "30th WCh U20 Girls"]
[Site "Athens GRE"]
[Date "2012.08.02"]
[Round "1"]
[White "Kashlinskaya, Alina"]
[Black "Edes, Zsofia"]
[Result "1-0"]
[WhiteElo "2391"]
[BlackElo "2081"]
[EventDate "2012.08.02"]
[PlyCount "93"]

1.d4 d5 2.c4 e6 3.Nc3 a6 4.cxd5 exd5 5.Bf4 c6 6.e3 Bd6 7.Bxd6 Qxd6 8.Bd3 
Ne7 9.Qc2 Nd7 10.Nf3 Nf6 11.O-O O-O 12.h3 g6 13.Nh4 Nh5 14.Qe2 Qf6 15.Nf3 
Re8 16.Qd1 Qg7 17.g4 Nf6 18.Ne5 Nd7 19.f4 f6 20.Nf3 Kh8 21.Qd2 c5 22.Bc2 
c4 23.b3 b5 24.bxc4 dxc4 25.e4 Bb7 26.Rab1 Rab8 27.a4 bxa4 28.Bxa4 Bc6 29.
Bxc6 Nxc6 30.d5 Nb4 31.Qd4 Nc2 32.Qf2 Nb4 33.Nd2 Rec8 34.Qg3 Qe7 35.Kh2 
Qc5 36.Rbd1 Nc2 37.e5 Ne3 38.e6 Nxf1+ 39.Nxf1 Rb2+ 40.Kh1 Nf8 41.Na4 Qf2 
42.Nxb2 Qxb2 43.Qe3 Re8 44.Qd4 Qxd4 45.Rxd4 Rc8 46.e7 Kg7 47.Rxc4 1-0

[Event "30th WCh U20 Girls"]
[Site "Athens GRE"]
[Date "2012.08.02"]
[Round "1"]
[White "Anusca, Madalina-Maria"]
[Black "Bulmaga, Irina"]
[Result "0-1"]
[WhiteElo "2079"]
[BlackElo "2380"]
[EventDate "2012.08.02"]
[PlyCount "71"]

1.d4 Nf6 2.Nf3 e6 3.c4 d5 4.Nc3 Be7 5.Bf4 O-O 6.e3 Nbd7 7.cxd5 Nxd5 8.Nxd5
exd5 9.Bd3 c5 10.O-O c4 11.Bc2 f5 12.h3 Nf6 13.Ne5 Bd6 14.a4 Be6 15.Qe2 a6
16.b3 Qc7 17.a5 c3 18.Rfc1 Rac8 19.Nd3 Bd7 20.Bxd6 Qxd6 21.Nc5 Bb5 22.Bd3 
Bxd3 23.Qxd3 Ne4 24.b4 Qe7 25.Re1 Qh4 26.Re2 Rf7 27.Qc2 Rc6 28.f3 Ng5 29.
Qxc3 Rg6 30.Kf1 Qg3 31.Rf2 h5 32.Nd3 Rc7 33.Nc5 f4 34.Qb3 Nxh3 35.Qxd5+ 
Rf7 36.Ne4 0-1

[Event "30th WCh U20 Girls"]
[Site "Athens GRE"]
[Date "2012.08.02"]
[Round "1"]
[White "Arabidze, Meri"]
[Black "Kolaric, Spela"]
[Result "1-0"]
[WhiteElo "2379"]
[BlackElo "2071"]
[EventDate "2012.08.02"]
[PlyCount "67"]

1.d4 Nf6 2.c4 e6 3.Nf3 Bb4+ 4.Nbd2 b6 5.a3 Bxd2+ 6.Qxd2 Bb7 7.e3 O-O 8.b4 
a5 9.b5 d6 10.Qc2 Nbd7 11.Be2 Qe7 12.Bb2 Ne4 13.O-O f5 14.Rfe1 Qf7 15.Nd2 
Nxd2 16.Qxd2 Rae8 17.Rac1 Qe7 18.Bf1 Qh4 19.f3 Rf7 20.a4 e5 21.c5 bxc5 22.
dxc5 Nxc5 23.Bc4 Ne6 24.Bb3 Qb4 25.Qc2 Kh8 26.Bc3 Qc5 27.Bxa5 Qxc2 28.Rxc2
d5 29.Bb4 h6 30.Kf2 f4 31.Rd2 fxe3+ 32.Rxe3 Nd4 33.Rxd4 exd4 34.Rxe8+ 1-0

[Event "30th WCh U20 Girls"]
[Site "Athens GRE"]
[Date "2012.08.02"]
[Round "1"]
[White "Nevioselaya, Maria"]
[Black "Goryachkina, Aleksandra"]
[Result "1/2-1/2"]
[WhiteElo "2057"]
[BlackElo "2361"]
[EventDate "2012.08.02"]
[PlyCount "88"]

1.e4 c5 2.Nf3 d6 3.d4 cxd4 4.Qxd4 Nc6 5.Bb5 Bd7 6.Bxc6 Bxc6 7.Nc3 h6 8.Be3
e5 9.Qd3 Nf6 10.Rd1 Qa5 11.O-O b5 12.a3 a6 13.Nh4 g6 14.f4 Ng4 15.Nf3 Qc7 
16.h3 Nxe3 17.Qxe3 Bg7 18.Rd3 O-O 19.Rfd1 Rfd8 20.Qd2 exf4 21.Qxf4 Qb6+ 
22.Kh1 b4 23.Nd5 Bxd5 24.Rxd5 bxa3 25.bxa3 Rac8 26.Rxd6 Rxd6 27.Rxd6 Qb1+ 
28.Kh2 Qxc2 29.Rxa6 Qf2 30.Rd6 Rc2 31.Rd8+ Kh7 32.Qg4 Rc3 33.Re8 Rxa3 34.
Re7 Ra7 35.Rxa7 Qxa7 36.Qf4 Kg8 37.h4 Bf8 38.Qg3 Qb7 39.Qg4 Bd6+ 40.e5 Bb8
41.Qf4 Kh7 42.h5 Qe7 43.Kh3 Qe6+ 44.Qg4 gxh5 1/2-1/2

[Event "30th WCh U20 Girls"]
[Site "Athens GRE"]
[Date "2012.08.02"]
[Round "1"]
[White "Guo Qi"]
[Black "Manelidou, Maria"]
[Result "1-0"]
[WhiteElo "2358"]
[BlackElo "2056"]
[EventDate "2012.08.02"]
[PlyCount "101"]

1.d4 f5 2.g3 Nf6 3.Bg2 g6 4.Nf3 Bg7 5.O-O O-O 6.b3 c5 7.Bb2 cxd4 8.Nxd4 d5
9.Nb5 Nc6 10.c4 Be6 11.Nd2 Rc8 12.c5 Bf7 13.Nd4 Qa5 14.Rc1 Qxa2 15.Bc3 
Nxd4 16.Ra1 Qc2 17.Bxd4 Qxd1 18.Rfxd1 a6 19.b4 Ne4 20.Bxg7 Kxg7 21.Nb3 
Rfd8 22.e3 e5 23.Na5 Rc7 24.f4 exf4 25.Bxe4 fxe4 26.gxf4 Rb8 27.Nb3 b6 28.
Rdb1 bxc5 29.Nxc5 Rb5 30.Nxa6 Ra7 31.Ra4 Rab7 32.Kf2 Be8 33.Rc1 R5b6 34.
Ra5 Bb5 35.Rc7+ Rxc7 36.Nxc7 Bc4 37.Nxd5 Rd6 38.Ra7+ Kh6 39.Nc3 Rd2+ 40.
Kg1 Bd3 41.Re7 Kh5 42.Rxh7+ Kg4 43.Rh6 g5 44.fxg5 Kxg5 45.Re6 Kf5 46.Rc6 
Kg4 47.Rg6+ Kf5 48.Rg2 Be2 49.Nxe2 Rd1+ 50.Kf2 Rb1 51.b5 1-0

[Event "30th WCh U20 Girls"]
[Site "Athens GRE"]
[Date "2012.08.02"]
[Round "1"]
[White "Sargsian, Shushanna"]
[Black "Wang Jue"]
[Result "0-1"]
[WhiteElo "2047"]
[BlackElo "2355"]
[EventDate "2012.08.02"]
[PlyCount "76"]

1.d4 Nf6 2.Bg5 Ne4 3.Bf4 c5 4.f3 Qa5+ 5.c3 Nf6 6.Nd2 cxd4 7.Nb3 Qd8 8.Qxd4
Nc6 9.Qd2 d5 10.e3 e5 11.Bg5 Be6 12.Ne2 h6 13.Bh4 a5 14.Rd1 a4 15.Nbc1 Ne4
16.Bxd8 Nxd2 17.Rxd2 Rxd8 18.Kf2 Bc5 19.g3 f6 20.h4 Ne7 21.g4 h5 22.Ng3 
hxg4 23.Bb5+ Kf7 24.Nd3 Bb6 25.fxg4 a3 26.g5 Rc8 27.h5 g6 28.gxf6 Kxf6 29.
hxg6 Rxh1 30.Nxh1 Nf5 31.Ke2 Bxe3 32.Rc2 Bh6 33.Ne1 Nd6 34.Ba4 b5 35.Bb3 
axb2 36.Rxb2 Rxc3 37.Nf2 Kxg6 38.Nf3 Re3+ 0-1

[Event "30th WCh U20 Girls"]
[Site "Athens GRE"]
[Date "2012.08.02"]
[Round "1"]
[White "Frey, Alisa"]
[Black "Vojinovic, Jovana"]
[Result "0-1"]
[WhiteElo "2035"]
[BlackElo "2337"]
[EventDate "2012.08.02"]
[PlyCount "66"]

1.e4 c5 2.Nf3 d6 3.d4 cxd4 4.Nxd4 Nf6 5.Nc3 Nc6 6.Bg5 e6 7.Qd2 Qb6 8.Nb3 
Be7 9.O-O-O O-O 10.f3 Rd8 11.Nb5 Rd7 12.Qe1 a6 13.N5d4 Qc7 14.Be3 d5 15.
Nxc6 bxc6 16.Nc5 Bxc5 17.Bxc5 dxe4 18.Be2 Rxd1+ 19.Qxd1 Bb7 20.Qd4 e5 21.
Qe3 exf3 22.Bxf3 Re8 23.Rd1 e4 24.Be2 Nd5 25.Qb3 Bc8 26.g3 Qe5 27.Qa3 Qg5+
28.Kb1 Bg4 29.Qxa6 Bxe2 30.Qxe2 Nc3+ 31.bxc3 Qxc5 32.Rd4 e3 33.Rd3 Rb8+ 
0-1

[Event "30th WCh U20 Girls"]
[Site "Athens GRE"]
[Date "2012.08.02"]
[Round "1"]
[White "Schut, Lisa"]
[Black "Narva, Triin"]
[Result "1-0"]
[WhiteElo "2305"]
[BlackElo "2028"]
[EventDate "2012.08.02"]
[PlyCount "77"]

1.e4 d5 2.exd5 Qxd5 3.Nc3 Qd6 4.d4 Nf6 5.Nf3 a6 6.g3 Bg4 7.h3 Bxf3 8.Qxf3 
Nc6 9.Be3 O-O-O 10.O-O-O e6 11.Bg2 Na5 12.d5 e5 13.Qe2 Nd7 14.a3 b5 15.Ne4
Qg6 16.d6 c6 17.Qg4 Qxg4 18.hxg4 f6 19.b3 Nb7 20.c4 Na5 21.cxb5 axb5 22.
Kb2 Kb7 23.Rc1 Ra8 24.Rhd1 Kc8 25.Bd2 Kb7 26.Bxa5 Rxa5 27.Rxc6 Kxc6 28.
Nxf6+ Kb6 29.Nxd7+ Ka7 30.Nxe5 Ra6 31.Nc6+ Rxc6 32.Bxc6 Kb6 33.Be8 g6 34.
d7 Be7 35.d8=Q+ Bxd8 36.Rxd8 Kc7 37.Rd7+ Kc8 38.Re7 Kd8 39.Re2 1-0

[Event "30th WCh U20 Girls"]
[Site "Athens GRE"]
[Date "2012.08.02"]
[Round "1"]
[White "Bucar, Natasa"]
[Black "Kulon, Klaudia"]
[Result "0-1"]
[WhiteElo "2022"]
[BlackElo "2259"]
[EventDate "2012.08.02"]
[PlyCount "50"]

1.e4 c5 2.Nf3 e6 3.d3 Nc6 4.g3 d5 5.Nbd2 Bd6 6.Bg2 Nge7 7.O-O O-O 8.Re1 
Qc7 9.Qe2 f6 10.h4 d4 11.Nc4 e5 12.a4 Be6 13.Nh2 a6 14.Nxd6 Qxd6 15.f4 
exf4 16.Bxf4 Ne5 17.Ng4 N7g6 18.Bxe5 fxe5 19.h5 Nh8 20.Bh3 Nf7 21.h6 Ng5 
22.hxg7 Nxh3+ 23.Kh2 Kxg7 24.Kxh3 h5 25.Qd2 Bxg4+ 0-1

[Event "30th WCh U20 Girls"]
[Site "Athens GRE"]
[Date "2012.08.02"]
[Round "1"]
[White "Chiarion, Elisa"]
[Black "Pavlidou, Ekaterini"]
[Result "0-1"]
[WhiteElo "1978"]
[BlackElo "2237"]
[EventDate "2012.08.02"]
[PlyCount "140"]

1.e4 c5 2.Nf3 Nc6 3.d4 cxd4 4.Nxd4 Nf6 5.Nc3 e6 6.Ndb5 Bb4 7.a3 Bxc3+ 8.
Nxc3 d5 9.exd5 exd5 10.Bg5 O-O 11.Bd3 Re8+ 12.Ne2 h6 13.Bh4 g5 14.Bg3 Ne4 
15.O-O f5 16.f3 Nxg3 17.Nxg3 Qf6 18.c4 Re3 19.Re1 Rxe1+ 20.Qxe1 Bd7 21.
cxd5 Qd4+ 22.Kh1 Qxd3 23.dxc6 Re8 24.Qd1 Qxd1+ 25.Rxd1 bxc6 26.Kg1 Be6 27.
Rd6 c5 28.Rc6 c4 29.Kf2 Kf7 30.Rc7+ Kf8 31.Rc6 Ke7 32.Ne2 Rd8 33.Rc7+ Kf6 
34.Rb7 Rd6 35.g3 Rd3 36.Nc3 h5 37.Ke2 Bd7 38.Rxa7 h4 39.Ra6+ Be6 40.Rc6 
Rd7 41.g4 Kf7 42.gxf5 Bxf5 43.Rc5 Bd3+ 44.Ke3 Re7+ 45.Kd4 Kg6 46.a4 Rb7 
47.a5 Bf1 48.Rb5 Rd7+ 49.Nd5 Bg2 50.Rb6+ Kg7 51.a6 Rd8 52.Rb7+ Kh6 53.Rb6+
Kg7 54.Rb7+ Kh6 55.a7 Rxd5+ 56.Kxc4 Ra5 57.b4 Ra1 58.Rf7 Kg6 59.Rd7 Bxf3 
60.b5 Rc1+ 61.Kb4 Rb1+ 62.Kc5 g4 63.b6 Rc1+ 64.Kb4 Rb1+ 65.Kc5 g3 66.hxg3 
hxg3 67.b7 g2 68.a8=Q g1=Q+ 69.Kd6 Qb6+ 70.Ke7 Qf6+ 0-1

[Event "30th WCh U20 Girls"]
[Site "Athens GRE"]
[Date "2012.08.02"]
[Round "1"]
[White "Aulia, Medina Warda"]
[Black "Lolici, Iselin-Amanda"]
[Result "1-0"]
[WhiteElo "2218"]
[BlackElo "1967"]
[EventDate "2012.08.02"]
[PlyCount "123"]

1.e4 c5 2.Nf3 Nc6 3.d4 cxd4 4.Nxd4 Nf6 5.Nc3 g6 6.Nxc6 bxc6 7.e5 Ng8 8.Bc4
Bg7 9.Qf3 f5 10.Bf4 e6 11.O-O Qc7 12.Rfe1 Nh6 13.Rad1 Nf7 14.Qg3 Rg8 15.h4
Bh8 16.Na4 h6 17.Nc5 g5 18.Ba6 Bxa6 19.Nxa6 Qa5 20.Qd3 O-O-O 21.hxg5 hxg5 
22.Bd2 Qb5 23.Qxb5 cxb5 24.Ba5 Rdf8 25.Bc3 d6 26.exd6 Bxc3 27.bxc3 e5 28.
d7+ Kd8 29.Nc5 Rg6 30.Nb7+ Kc7 31.d8=Q+ Nxd8 32.Nxd8 Rxd8 33.Rxd8 Kxd8 34.
Rxe5 f4 35.Rxb5 g4 36.Rf5 f3 37.Ra5 a6 38.Rf5 fxg2 39.c4 g3 40.f4 Rc6 41.
c5 Rh6 42.Rd5+ Ke7 43.Rd4 Rh1+ 44.Kxg2 Rh2+ 45.Kxg3 Rxc2 46.Ra4 Rxc5 47.
Rxa6 Kf7 48.Kg4 Ke7 49.a4 Kf7 50.a5 Rc1 51.Kg5 Rg1+ 52.Kf5 Rf1 53.Ra7+ Kf8
54.Kg5 Rg1+ 55.Kf6 Ke8 56.f5 Re1 57.a6 Ra1 58.Ra8+ Kd7 59.Kf7 Rf1 60.f6 
Rf2 61.a7 Ra2 62.Re8 1-0

[Event "30th WCh U20 Girls"]
[Site "Athens GRE"]
[Date "2012.08.02"]
[Round "1"]
[White "Ivekovic, Ana"]
[Black "Abdulla, Khayala"]
[Result "1-0"]
[WhiteElo "1959"]
[BlackElo "2217"]
[EventDate "2012.08.02"]
[PlyCount "67"]

1.d4 Nf6 2.c4 e6 3.Nf3 b6 4.g3 Ba6 5.b3 Bb4+ 6.Bd2 Be7 7.Bg2 c6 8.Bc3 d5 
9.Nbd2 Nbd7 10.Qc2 Rc8 11.e4 c5 12.exd5 exd5 13.O-O O-O 14.Rfe1 Re8 15.
Rad1 Qc7 16.Bb2 dxc4 17.bxc4 Bb7 18.d5 Bd6 19.a4 Rb8 20.Ne4 Nxe4 21.Rxe4 
Rxe4 22.Qxe4 Nf8 23.Re1 Ng6 24.h4 Qd7 25.h5 Nf8 26.Qh4 h6 27.Bh3 f5 28.Ne5
Qxa4 29.Bxf5 Bxe5 30.Bxe5 Re8 31.Qf4 b5 32.Bg6 Nxg6 33.hxg6 Rf8 34.Bd6 1-0

[Event "30th WCh U20 Girls"]
[Site "Athens GRE"]
[Date "2012.08.02"]
[Round "1"]
[White "Rodriguez Rueda, Paula Andrea"]
[Black "Terzidaki, Alexandra"]
[Result "1-0"]
[WhiteElo "2196"]
[BlackElo "1958"]
[EventDate "2012.08.02"]
[PlyCount "59"]

1.d4 d5 2.c4 c6 3.Nf3 Nf6 4.Nc3 e6 5.e3 Nbd7 6.Bd3 dxc4 7.Bxc4 b5 8.Bd3 a6
9.e4 c5 10.e5 cxd4 11.Nxb5 axb5 12.exf6 gxf6 13.O-O Qb6 14.Be4 Ra7 15.Nxd4
Ra4 16.Be3 Bc5 17.Rc1 Rc4 18.b3 Rxc1 19.Qxc1 b4 20.Rd1 Rg8 21.Bxh7 Rg7 22.
Be4 Bb7 23.Qc2 f5 24.Bxb7 Qxb7 25.g3 Rg4 26.Nxf5 Ne5 27.Qxc5 Nf3+ 28.Kf1 
exf5 29.Qd5 Qa6+ 30.Kg2 1-0

[Event "30th WCh U20 Girls"]
[Site "Athens GRE"]
[Date "2012.08.02"]
[Round "1"]
[White "Nonkovic, Bogdana"]
[Black "Abdumalik, Zhansaya"]
[Result "1-0"]
[WhiteElo "1950"]
[BlackElo "2193"]
[EventDate "2012.08.02"]
[PlyCount "69"]

1.c4 c5 2.Nf3 Nc6 3.g3 e5 4.Nc3 d6 5.Bg2 g6 6.O-O Bg7 7.d3 Nge7 8.Ne1 O-O 
9.Nc2 Be6 10.Ne3 h6 11.Ned5 Rb8 12.Rb1 a5 13.a3 Kh7 14.Bd2 f5 15.b4 axb4 
16.axb4 cxb4 17.Nxb4 e4 18.Ncd5 Ne5 19.Be3 Bxd5 20.cxd5 exd3 21.Nxd3 Qd7 
22.Qb3 b5 23.Nb4 Rfc8 24.Rfd1 Rc3 25.Qa2 Nc4 26.Bd4 Bxd4 27.Rxd4 Qc7 28.e3
Rc8 29.h4 Rf8 30.Qe2 h5 31.Qe1 Na3 32.Rbd1 Rc4 33.Rxc4 bxc4 34.Rc1 Rb8 35.
Na6 1-0

[Event "30th WCh U20 Girls"]
[Site "Athens GRE"]
[Date "2012.08.02"]
[Round "1"]
[White "Varga, Klara"]
[Black "Messam-Sparks, Lateefah"]
[Result "1-0"]
[WhiteElo "2181"]
[BlackElo "1947"]
[EventDate "2012.08.02"]
[PlyCount "47"]

1.e4 c5 2.Nf3 e6 3.d4 cxd4 4.Nxd4 Nf6 5.Nc3 d6 6.g4 Be7 7.g5 Nfd7 8.h4 Nc6
9.Be3 a6 10.Rg1 Nf8 11.f4 Qc7 12.a4 h6 13.Qd2 hxg5 14.hxg5 Bd7 15.O-O-O 
O-O-O 16.Rg3 Kb8 17.Bg1 Na5 18.Nf5 exf5 19.Nd5 Nc4 20.Bxc4 Qxc4 21.Rc3 
Qxa4 22.Qf2 Bc6 23.Qa7+ Kc8 24.Nb6+ 1-0

[Event "30th WCh U20 Girls"]
[Site "Athens GRE"]
[Date "2012.08.02"]
[Round "1"]
[White "Cemhan, Kardelen"]
[Black "Petrova, Irina"]
[Result "1-0"]
[WhiteElo "1938"]
[BlackElo "2173"]
[EventDate "2012.08.02"]
[PlyCount "173"]

1.e4 c5 2.Nf3 d6 3.d4 cxd4 4.Nxd4 Nf6 5.f3 a6 6.c4 e6 7.Nc3 Be7 8.Be3 Qc7 
9.Be2 Nbd7 10.Qd2 b6 11.O-O Bb7 12.Rac1 O-O 13.Rfd1 Rac8 14.b4 Qb8 15.Nb3 
Rfe8 16.Kh1 d5 17.cxd5 Bxb4 18.dxe6 Rxe6 19.Nd4 Ree8 20.Nf5 Ne5 21.Bd4 Ng6
22.Qb2 Bf8 23.Qxb6 Re6 24.Qb3 Qa8 25.Bc4 Rec6 26.Bxf7+ Kh8 27.Rb1 R6c7 28.
Be6 Re8 29.Nh6 gxh6 30.Bxf6+ Bg7 31.Bxg7+ Rxg7 32.Rd7 Bc6 33.Rxg7 Kxg7 34.
Bd5 Ne7 35.Bxc6 Qxc6 36.Nd5 Nxd5 37.Qxd5 Qxd5 38.exd5 Re2 39.Rd1 Kf7 40.d6
Ke8 41.d7+ Kd8 42.h4 Rxa2 43.Rd6 a5 44.Rxh6 Kxd7 45.Rxh7+ Ke6 46.Kh2 a4 
47.Ra7 Kf6 48.Kg3 a3 49.f4 Kg6 50.Ra6+ Kg7 51.f5 Ra1 52.Kg4 a2 53.g3 Kf7 
54.h5 Kg7 55.h6+ Kh7 56.Kg5 Rg1 57.Ra7+ Kg8 58.Rxa2 Rxg3+ 59.Kf6 Rb3 60.
Ra7 Rb6+ 61.Kg5 Rb1 62.Kg6 Rg1+ 63.Kf6 Rb1 64.h7+ Kh8 65.Kf7 Rb8 66.Ra1 
Rc8 67.Re1 Rc7+ 68.Kg6 Re7 69.Rh1 Rg7+ 70.Kf6 Rf7+ 71.Ke6 Rf6+ 72.Ke5 Ra6 
73.Rd1 Kxh7 74.Rd6 Ra1 75.Ke6 Re1+ 76.Kf7 Ra1 77.Re6 Ra7+ 78.Re7 Ra8 79.f6
Ra1 80.Kf8+ Kh8 81.f7 Kh7 82.Re2 Ra8+ 83.Re8 Ra7 84.Rd8 Kg6 85.Rd6+ Kh7 
86.Ke8 Ra8+ 87.Rd8 1-0

[Event "30th WCh U20 Girls"]
[Site "Athens GRE"]
[Date "2012.08.02"]
[Round "1"]
[White "Osmak, Yulia"]
[Black "Vatkali, Dimitra"]
[Result "1-0"]
[WhiteElo "2171"]
[BlackElo "1936"]
[EventDate "2012.08.02"]
[PlyCount "75"]

1.e4 c6 2.d4 d5 3.e5 c5 4.dxc5 e6 5.Be3 Qc7 6.Nf3 Bxc5 7.Bxc5 Qxc5 8.Nbd2 
Ne7 9.Bd3 Bd7 10.O-O Ng6 11.c4 Nf4 12.Nb3 Qb6 13.cxd5 Nxd3 14.Qxd3 Bb5 15.
Qc2 Bxf1 16.dxe6 Qxe6 17.Rxf1 O-O 18.Nbd4 Qg6 19.Qb3 Qb6 20.Qc2 Na6 21.e6 
fxe6 22.Ng5 g6 23.Ndxe6 Rf6 24.Qc4 Qc6 25.Qh4 Qd7 26.Qc4 Qc6 27.Qb3 Qb6 
28.Qd5 Qc6 29.Qe5 Raf8 30.Nxf8 Rxf8 31.Ne6 Rf7 32.Nd8 Qf6 33.Nxf7 Qxf7 34.
Re1 Qxa2 35.Qe8+ Kg7 36.Re7+ Kf6 37.Qf8+ Kg5 38.Re5+ 1-0

[Event "30th WCh U20 Girls"]
[Site "Athens GRE"]
[Date "2012.08.02"]
[Round "1"]
[White "Liao, Simone"]
[Black "Iordanidou, Zoi"]
[Result "1/2-1/2"]
[WhiteElo "1933"]
[BlackElo "2166"]
[EventDate "2012.08.02"]
[PlyCount "109"]

1.e4 d5 2.exd5 Qxd5 3.Nc3 Qd6 4.d4 Nf6 5.Nf3 c6 6.Be2 Nbd7 7.O-O g6 8.Bg5 
Bg7 9.Bh4 Nb6 10.Bg3 Qd8 11.Ne5 O-O 12.Re1 Bf5 13.Bf3 Rc8 14.Qd2 Nfd5 15.
b3 f6 16.Nxd5 cxd5 17.Nd3 Bxd3 18.Qxd3 Qd7 19.a4 f5 20.Be5 Bf6 21.a5 Na8 
22.c4 e6 23.Bxf6 Rxf6 24.Re5 Nc7 25.Rae1 Rf7 26.h3 Rd8 27.Qe3 Qd6 28.Qg5 
dxc4 29.bxc4 Qxd4 30.Bxb7 Rb8 31.a6 Qxc4 32.Rc1 Qd4 33.Rec5 Ne8 34.Rc8 
Rxc8 35.Rxc8 Qd7 36.Rd8 Qe7 37.Qxe7 Rxe7 38.Ra8 Kf7 39.Rxa7 Nd6 40.Kf1 Kf6
41.Ra8 Ke5 42.Bf3 Rc7 43.g3 Rc1+ 44.Kg2 Rc2 45.h4 Ra2 46.Bc6 Nc4 47.a7 
Ne3+ 48.Kh3 Ng4 49.f4+ Kd6 50.Bg2 Kc7 51.Rh8 Rxa7 52.Rxh7+ Kb6 53.Rxa7 
Kxa7 54.Bc6 Nf6 55.Kg2 1/2-1/2

[Event "30th WCh U20 Girls"]
[Site "Athens GRE"]
[Date "2012.08.02"]
[Round "1"]
[White "Sihite, Chelsie Monica"]
[Black "Kalaydina, Regina Veronicka"]
[Result "1-0"]
[WhiteElo "2162"]
[BlackElo "1928"]
[EventDate "2012.08.02"]
[PlyCount "113"]

1.e4 c5 2.Nf3 e6 3.d4 cxd4 4.Nxd4 Nc6 5.Nc3 Nf6 6.Be2 Bb4 7.Qd3 d5 8.Nxc6 
bxc6 9.O-O O-O 10.e5 Nd7 11.Qg3 Kh8 12.a3 Bc5 13.Bd3 a5 14.Bg5 Qc7 15.Qh4 
g6 16.Na4 Ba7 17.Rfe1 Kg8 18.Bf4 Qd8 19.Qh6 f6 20.Bxg6 hxg6 21.Qxg6+ Kh8 
22.Qh6+ Kg8 23.Qg6+ Kh8 24.Qh5+ Kg8 25.Bh6 Qe7 26.Qg6+ Kh8 27.Bxf8 Qxf8 
28.exf6 Nxf6 29.Re2 Qg7 30.Qxg7+ Kxg7 31.c4 Ne4 32.Nc3 Nxf2 33.Rxf2 Ba6 
34.Re1 Rf8 35.Nd1 Bxf2+ 36.Nxf2 Bxc4 37.Rxe6 c5 38.Rc6 Rb8 39.Rxc5 Rxb2 
40.h4 a4 41.Ng4 Bb3 42.h5 Rc2 43.Rxc2 Bxc2 44.Ne3 Be4 45.g4 Kf6 46.Kf2 Kg5
47.Kg3 d4 48.Nc4 d3 49.Nd2 Bd5 50.Nf3+ Kf6 51.Kf4 Bc6 52.g5+ Kg7 53.h6+ 
Kh7 54.Ke3 Bb7 55.Ne5 Ba6 56.Nxd3 Kg6 57.Ne5+ 1-0

[Event "30th WCh U20 Girls"]
[Site "Athens GRE"]
[Date "2012.08.02"]
[Round "1"]
[White "Koutsogiannopoulou, Theodora"]
[Black "Kulkarni, Bhakti Pradip"]
[Result "0-1"]
[WhiteElo "1897"]
[BlackElo "2159"]
[EventDate "2012.08.02"]
[PlyCount "58"]

1.d4 Nf6 2.c4 e6 3.a3 b6 4.Nc3 Bb7 5.Nf3 d5 6.e3 Be7 7.cxd5 Nxd5 8.Bd3 O-O
9.Qc2 h6 10.e4 Nf6 11.O-O Nbd7 12.b4 c5 13.bxc5 bxc5 14.Rb1 Qc8 15.Ne2 c4 
16.Qxc4 Qxc4 17.Bxc4 Bxe4 18.Rb3 Rfc8 19.Ba6 Rcb8 20.Rc3 Nd5 21.Rc6 Kf8 
22.Nc3 Nb4 23.Rc8+ Rxc8 24.Bxc8 Rxc8 25.Nxe4 Nd3 26.Be3 f5 27.Ng3 f4 28.
Rd1 fxe3 29.fxe3 Rc1 0-1

[Event "30th WCh U20 Girls"]
[Site "Athens GRE"]
[Date "2012.08.02"]
[Round "1"]
[White "Orozco Lopez, Lina Yomayra"]
[Black "Moura, Danielle Sena"]
[Result "1-0"]
[WhiteElo "2150"]
[BlackElo "1876"]
[EventDate "2012.08.02"]
[PlyCount "49"]

1.e4 Nf6 2.e5 Nd5 3.c4 Nb6 4.d4 d6 5.exd6 exd6 6.Nf3 Bg4 7.Bd3 Nc6 8.Be3 
Be7 9.O-O O-O 10.h3 Bxf3 11.Qxf3 Nb4 12.Be4 Nxc4 13.Bh6 d5 14.Qg4 Bf6 15.
Bf5 Nd6 16.Bd2 Nc6 17.Nc3 Nxf5 18.Qxf5 Nxd4 19.Qxd5 c6 20.Qh5 Re8 21.Rad1 
Qc7 22.Qg4 Qe5 23.Rfe1 Qf5 24.Ne4 Nc2 25.Qxf5 1-0

[Event "30th WCh U20 Girls"]
[Site "Athens GRE"]
[Date "2012.08.02"]
[Round "1"]
[White "Semenova, Elena"]
[Black "Medeiros, Thauane Ferreira"]
[Result "1-0"]
[WhiteElo "2134"]
[BlackElo "1855"]
[EventDate "2012.08.02"]
[PlyCount "121"]

1.e4 c5 2.Nf3 Nc6 3.Bb5 d6 4.O-O Nf6 5.Re1 Bd7 6.c3 g6 7.d4 cxd4 8.cxd4 
Bg7 9.Nc3 O-O 10.h3 a6 11.Bd3 Rc8 12.Be3 Nb4 13.Bb1 d5 14.e5 Ne8 15.a3 Qa5
16.Bd2 Nc6 17.Ba2 Be6 18.Ng5 Qd8 19.Be3 Nc7 20.Nxe6 fxe6 21.Rc1 b5 22.h4 
Qe8 23.Ne2 Na5 24.b3 Na8 25.Rxc8 Qxc8 26.h5 gxh5 27.Ng3 h4 28.Nh5 Rf7 29.
Qg4 Nc7 30.Rc1 Qd7 31.Bd2 Nc6 32.Qxh4 Ne8 33.Bb1 Nxe5 34.Bxh7+ Kf8 35.dxe5
Bxe5 36.Bh6+ Bg7 37.Nf4 Nf6 38.Ng6+ Ke8 39.Ne5 Bxh6 40.Qxh6 Rxh7 41.Qxh7 
Nxh7 42.Nxd7 Kxd7 43.Kf1 e5 44.Ke2 Nf6 45.f3 e4 46.g4 exf3+ 47.Kxf3 e5 48.
g5 Ng8 49.Rh1 Ke6 50.Kg4 d4 51.Rh8 Ne7 52.Re8 Kd7 53.Ra8 d3 54.Kf3 e4+ 55.
Ke3 Nd5+ 56.Kd2 Ke6 57.g6 Ne7 58.Rxa6+ Kd5 59.g7 Ke5 60.Ra8 Kd4 61.Rd8+ 
1-0

[Event "30th WCh U20 Girls"]
[Site "Athens GRE"]
[Date "2012.08.02"]
[Round "1"]
[White "Forsa, Elise"]
[Black "Khaled, Mouna"]
[Result "0-1"]
[WhiteElo "1836"]
[BlackElo "2121"]
[EventDate "2012.08.02"]
[PlyCount "56"]

1.e4 e5 2.Bc4 Nc6 3.Nf3 Bc5 4.c3 Nf6 5.d3 d6 6.Nbd2 Be6 7.Bb5 Bd7 8.Ba4 
Ng4 9.O-O Ne7 10.d4 exd4 11.cxd4 Bb6 12.Bc2 Bb5 13.Re1 Nc6 14.Nf1 O-O 15.
Be3 Nxe3 16.Nxe3 Ba5 17.d5 Ne5 18.Nd2 Qg5 19.Kh1 Qh4 20.Kg1 Qg5 21.Kh1 Qh4
22.Kg1 f5 23.exf5 Rf6 24.a3 Rh6 25.h3 Bxd2 26.Ng4 Bxe1 27.Nxh6+ gxh6 28.
Qxe1 Re8 0-1

[Event "30th WCh U20 Girls"]
[Site "Athens GRE"]
[Date "2012.08.02"]
[Round "1"]
[White "Pon Krithikha, Namasivayam"]
[Black "Dominguez, Gisella"]
[Result "1-0"]
[WhiteElo "2119"]
[BlackElo "1831"]
[EventDate "2012.08.02"]
[PlyCount "101"]

1.e4 g6 2.d4 Bg7 3.Nc3 c6 4.f4 d5 5.e5 h5 6.Nf3 Nh6 7.Bd3 Bf5 8.O-O e6 9.
Ne2 Bxd3 10.Qxd3 Nd7 11.b3 Qa5 12.a4 Bf8 13.c4 dxc4 14.bxc4 Nb6 15.Bd2 Qa6
16.Rfc1 Be7 17.a5 Nd7 18.Rcb1 O-O 19.Nc3 Rfd8 20.Qf1 Nf5 21.Ra4 Kg7 22.Qc1
Nf8 23.Be3 Rd7 24.Bf2 Bd8 25.Qa3 Be7 26.Qa1 Nh7 27.Ne4 Rad8 28.h3 h4 29.
Kh2 Rc8 30.Nfd2 c5 31.d5 Kg8 32.d6 Nxd6 33.exd6 Bxd6 34.Nxd6 Qxd6 35.Be3 
Qd3 36.Ra3 Qf5 37.Nf3 Rd3 38.Re1 Rcd8 39.Rxd3 Rxd3 40.Qe5 Qxe5 41.Nxe5 Ra3
42.Bxc5 Rxa5 43.Bf2 Nf6 44.Bxh4 Ne8 45.Rd1 f6 46.Nxg6 Kf7 47.Nh8+ Kg7 48.
Rd8 Rh5 49.Rxe8 Rxh4 50.Rxe6 Rxh8 51.Re7+ 1-0

[Event "30th WCh U20 Girls"]
[Site "Athens GRE"]
[Date "2012.08.02"]
[Round "1"]
[White "York-Andersen, Anna"]
[Black "Furtado, Ivana Maria"]
[Result "0-1"]
[WhiteElo "1828"]
[BlackElo "2102"]
[EventDate "2012.08.02"]
[PlyCount "138"]

1.e4 e6 2.d4 d5 3.Nd2 Nf6 4.e5 Nfd7 5.Bd3 c5 6.c3 Nc6 7.Ne2 cxd4 8.cxd4 f6
9.exf6 Nxf6 10.O-O Bd6 11.Nf3 Qc7 12.Bg5 O-O 13.Bh4 Nh5 14.Ng3 Nf4 15.Bc2 
g6 16.Ne2 Nxe2+ 17.Qxe2 Rxf3 18.Qxf3 Nxd4 19.Qd1 Bxh2+ 20.Kh1 Nxc2 21.Rc1 
Be5 22.Rxc2 Qg7 23.Qd2 Bd7 24.Qb4 Qh6 25.Kg1 Rf8 26.Qg4 Bh2+ 27.Kh1 Bf4 
28.g3 Bxg3 29.Qxg3 Rf4 30.Kg2 Qxh4 31.Qxh4 Rxh4 32.Re1 d4 33.Kg3 Rh5 34.
Rc7 Rd5 35.Rc2 e5 36.f3 d3 37.Rd2 Bf5 38.Kf2 g5 39.Rg1 h6 40.Ke3 Kg7 41.
Rc1 Rd7 42.Rc5 Kf6 43.Rc8 Kf7 44.Rh8 Kg7 45.Re8 Kf6 46.Rh8 Bh7 47.Rf8+ Ke7
48.Rh8 Kf6 49.Rf8+ Rf7 50.Rd8 Re7 51.Rd6+ Kg7 52.Rh2 Bg6 53.Rg2 Kh7 54.Rg4
Bf5 55.Rg2 e4 56.fxe4 Rxe4+ 57.Kd2 Rc4 58.Ke3 Rc2 59.Rd2 g4 60.Rf6 Bg6 61.
Rf4 h5 62.Rff2 g3 63.Rg2 h4 64.a4 Kh6 65.Kf4 h3 66.Rxc2 dxc2 67.Rxc2 h2 
68.Rc1 g2 69.Kf3 g1=Q 0-1